|
|
|
|
| LEADER |
00000cam a2200000 i 4500 |
| 001 |
1/17166 |
| 008 |
111220s2010 gr |||| |||| ||gre|| |
| 020 |
|
|
|a 9789606750502
|
| 035 |
|
|
|l 10111615
|
| 040 |
|
|
|a GR-MY-UA
|b gre
|e aacr
|
| 041 |
0 |
|
|a gre
|
| 082 |
7 |
|
|a 741.569
|2 (22)
|
| 100 |
1 |
|
|a Μίσιου, Μαριάννα.
|
| 245 |
1 |
3 |
|a Τα κόμικς από το περίπτερο στη σχολική τάξη :
|b ...ξεφυλλίζοντας τον Γκοσινί ; θεωρητικές, ερμηνευτικές και διδακτικές διαστάσεις /
|c Μαριάννα Μίσιου.
|
| 260 |
|
|
|a Αθήνα :
|b ΚΨΜ,
|c c2010.
|
| 300 |
|
|
|a 380 σ. ;
|c 24 εκ.
|
| 504 |
|
|
|a Περιέχει βιβλιογραφικές παραπομπές και ευρετήριο.
|
| 600 |
1 |
0 |
|a Goscinny,
|d 1926-1977.
|
| 650 |
0 |
0 |
|a Comic books, strips, etc. in education.
|
| 650 |
0 |
0 |
|a Cartooning.
|
| 650 |
0 |
0 |
|a Education
|z Greece.
|
| 852 |
|
|
|a INST
|b RHODES
|e 20111220
|h 741.569 ΜΙΣ
|p 005400033888
|q 005400033888
|t BK
|y 0
|
| 852 |
|
|
|a INST
|b RHODES
|c EUDOXUS
|e 20130520
|h 741.569 ΜΙΣ
|p 005400035212
|q 005400035212
|t EDX
|y 0
|
| 852 |
|
|
|a INST
|b RHODES
|c EUDOXUS
|e 20170303
|h 741.569 ΜΙΣ
|p 005400039180
|q 005400039180
|t EDX
|y 0
|
| 852 |
|
|
|a INST
|b RHODES
|c EUDOXUS
|e 20210111
|h 741.569 ΜΙΣ
|p 005400041796
|q 005400041796
|t EDX
|y 0
|
| 852 |
|
|
|a INST
|b RHODES
|c EUDOXUS
|e 20210111
|h 741.569 ΜΙΣ
|p 005400041797
|q 005400041797
|t EDX
|y 0
|
| 901 |
|
|
|a BIBL4-2011-3
|
| 901 |
|
|
|a BIBL4-2013-2
|
| 920 |
|
|
|a Εύδοξος
|b Επιστροφή
|y Ρόδος
|z 2017-03
|
| 920 |
|
|
|a Εύδοξος
|b Παραγγελία
|y Ρόδος-ΤΕΠΑΕΣ
|z 2013-05
|
| 920 |
|
|
|a Εύδοξος
|b Παραγγελία
|y Ρόδος-ΤΕΠΑΕΣ
|z 2021-01
|
| 922 |
|
|
|a 4ΕΛΗ
|
| 970 |
|
|
|z 2011/12/20
|